<?xml version="1.0" encoding="UTF-8"?>
<record
    xmlns:xsi="http://www.w3.org/2001/XMLSchema-instance"
    xsi:schemaLocation="http://www.loc.gov/MARC21/slim http://www.loc.gov/standards/marcxml/schema/MARC21slim.xsd"
    xmlns="http://www.loc.gov/MARC21/slim">

  <leader>00574nam a2200205Ia 4500</leader>
  <controlfield tag="003">IIN</controlfield>
  <controlfield tag="005">20250324162401.0</controlfield>
  <controlfield tag="008">250324s9999    xx ad         001 0 eng d</controlfield>
  <datafield tag="020" ind1=" " ind2=" ">
    <subfield code="c">Rs.1195.00</subfield>
    <subfield code="a">9789356969193</subfield>
  </datafield>
  <datafield tag="040" ind1=" " ind2=" ">
    <subfield code="a">IIN</subfield>
    <subfield code="b">English</subfield>
  </datafield>
  <datafield tag="082" ind1=" " ind2=" ">
    <subfield code="a">611          </subfield>
    <subfield code="b">ASH</subfield>
  </datafield>
  <datafield tag="100" ind1="1" ind2=" ">
    <subfield code="a">Ashalatha, P.R. </subfield>
  </datafield>
  <datafield tag="245" ind1="1" ind2=" ">
    <subfield code="a">Textbook of Applied Anatomy for BSc Nursing Students Semester 1</subfield>
    <subfield code="c">P.R. Ashalatha</subfield>
  </datafield>
  <datafield tag="250" ind1=" " ind2=" ">
    <subfield code="a">4th ed</subfield>
  </datafield>
  <datafield tag="260" ind1=" " ind2=" ">
    <subfield code="b">Jaypee</subfield>
    <subfield code="a">New Delhi</subfield>
    <subfield code="c">2025</subfield>
  </datafield>
  <datafield tag="300" ind1=" " ind2=" ">
    <subfield code="a">xlii, 496 p.</subfield>
    <subfield code="b">col. ill.</subfield>
  </datafield>
  <datafield tag="500" ind1=" " ind2=" ">
    <subfield code="a">Includes Index</subfield>
  </datafield>
  <datafield tag="650" ind1="1" ind2=" ">
    <subfield code="a">Anatomy</subfield>
    <subfield code="v">Nursing</subfield>
  </datafield>
  <datafield tag="942" ind1=" " ind2=" ">
    <subfield code="c">BOOK</subfield>
  </datafield>
  <datafield tag="952" ind1=" " ind2=" ">
    <subfield code="0">0</subfield>
    <subfield code="1">0</subfield>
    <subfield code="2">ddc</subfield>
    <subfield code="4">0</subfield>
    <subfield code="7">0</subfield>
    <subfield code="8">PURCH</subfield>
    <subfield code="a">IIN</subfield>
    <subfield code="b">IIN</subfield>
    <subfield code="c">GEN</subfield>
    <subfield code="d">2025-03-11</subfield>
    <subfield code="g">1195.00</subfield>
    <subfield code="l">0</subfield>
    <subfield code="o">611           ASH</subfield>
    <subfield code="p">1796</subfield>
    <subfield code="r">2025-03-24 16:25:27</subfield>
    <subfield code="w">2025-03-24</subfield>
    <subfield code="y">BOOK</subfield>
  </datafield>
  <datafield tag="999" ind1=" " ind2=" ">
    <subfield code="c">1688</subfield>
    <subfield code="d">1688</subfield>
  </datafield>
</record>
